000
00299nam a22001337a 4500
008
170526b xxu||||| |||| 00| 0 eng d
020
_a
900470055129
041
_a
eng
080
_2
10TH
_a
621(075.8)
100
_a
27
101
_a
IM
245
_a
MATERIALS&PROCESSES
_c
BLACK,J.T
942
_2
udc
_c
BK
999
_c
14450
_d
14450